00711cam a2200217 i 4500001000300000003000900003005001700012008004100029015001700070020001500087040003500102041000800137080001300145100004100158245003200199260004800231300006800279504003600347651001200383856009800395bgKOSZ 00520210917084552.0981023s1987 pl a |001 0 pol d aPB 1987/2378 a8301051647 aWA NcKOSZ 005/HRdKOSZ 005/HR0 apol a913(436)1 aLijewski, Teofild(1930-2010)eAutor10aAustria /cTeofil Lijewski. aWarszawa :bPańst. Wydaw. Naukowe,c1987. a397, [3] s., [32] s. fot., [1] k. mapa kolor. :bmapy ;c21 cm. aBibliogr. s. 375-379. - Indeks. 4aAustria uhttp://koha.tu.koszalin.pl/cgi-bin/koha/opac-detail.pl?biblionumber=23517yKatalog online BPK